Central Library OPAC University of Rajshahi

Genesis of the Soviet Federative State, 1917-1925 / (Record no. 40829)

MARC details
000 -LEADER
fixed length control field 00962nam a2200265 a 4500
001 - CONTROL NUMBER
control field 40829
003 - CONTROL NUMBER IDENTIFIER
rucl marc code BD-RjUL
005 - DATE AND TIME OF LATEST TRANSACTION
control field 20211209053302.0
008 - FIXED-LENGTH DATA ELEMENTS--GENERAL INFORMATION
fixed length control field 160510b1982 ru fa b 001 0 eng
035 ## - SYSTEM CONTROL NUMBER
System control number (BD-RjUL)40944
040 ## - CATALOGING SOURCE
Original cataloging agency DLC
Transcribing agency DLC
Modifying agency (BD-RjUL)
Language of cataloging eng
041 1# - LANGUAGE CODE
Language code of text/sound track or separate title eng
Language code of original rus
082 00 - DEWEY DECIMAL CLASSIFICATION NUMBER
Classification number 947.0841
Edition number 19
Author mark and year IRG 1982
100 1# - MAIN ENTRY--PERSONAL NAME
Personal name Iroshnikov, M. P.
Fuller form of name (Mikhail Pavlovich)
9 (RLIN) 125637
245 10 - TITLE STATEMENT
Title Genesis of the Soviet Federative State, 1917-1925 /
Statement of responsibility, etc. M. Iroshnikov, D. Kovalenko, V. Shishkin ; [translated from the Russian by Aini Lehto and Albert Zdornykh].
260 ## - PUBLICATION, DISTRIBUTION, ETC. (IMPRINT)
Place of publication, distribution, etc. Moscow :
Name of publisher, distributor, etc. Progress,
Date of publication, distribution, etc. c1982.
300 ## - PHYSICAL DESCRIPTION
Pagination [16], 316 p., of plates :
Illustrations ill. ;
Size 21 cm.
504 ## - BIBLIOGRAPHY, ETC. NOTE
Bibliography, etc Includes bibliographical references and indexes.
651 #0 - SUBJECT ADDED ENTRY--GEOGRAPHIC NAME
Geographic name Soviet Union
General subdivision Politics and government
Chronological subdivision 1917-1936.
9 (RLIN) 125638
700 1# - ADDED ENTRY--PERSONAL NAME
Personal name Kovalenko, D. A.
Personal name Shishkin, V. D.
942 ## - ADDED ENTRY ELEMENTS (KOHA)
Source of classification or shelving scheme Dewey Decimal Classification
Koha item type Books
Holdings
Lost status Source of classification or shelving scheme Damaged status Not for loan Collection code Permanent Location Current Location Shelving location Date acquired Source of acquisition Total Checkouts Full call number Date last seen Copy number Koha item type
  Dewey Decimal Classification   Not For Loan Non-fiction Central Library, University of Rajshahi Central Library, University of Rajshahi Reading Room 20/03/1986 USSR   947.0841 IRG 1982 10/05/2016 C-1 Books